000 00631nam a2200193 a 4500
001 000047172
005 20201002053422.0
008 180418s2017 dr a 000 0 spa d
020 _a9789945124408
040 _aDO-SdBNP
_bspa
_cBNPHU
082 _axxxx
_bxxxx
100 1 _aRodríguez Rosario, Islen Elba
_974874
245 1 0 _aEducación artística 2 :
_bnivel secundaria /
_cIslen Elba Rodríguez Rosario.
260 _aSanto Domingo :
_bSusaeta,
_c2017.
300 _a88 p. :
_bil., retrs. ;
_c22 cm.
500 _aEnfoque por competencias nuevo currículo
504 _aBibliografía : p. 88
590 _aInventariado, 2018/LP
999 _c46660
_d46660